000 00482nam a22001937a 4500
003 MPLRDC
005 20220104193240.0
008 210129b ||||| |||| 00| 0 eng d
020 _a7-5387-1818-4
082 _a415.332 DJ
100 _a堵军、俸禄
245 _a家庭饮食保健丛书
_c
250 _a初版一刷
260 _a中国
_b时代文艺出版社
_c2003
300 _b
520 _a上架 2017-01-19
650 _a高血压
942 _cBK
_o415.332 DJ
999 _c65106
_d65096